<?xml version="1.0" encoding="UTF-8"?>
<record
    xmlns:xsi="http://www.w3.org/2001/XMLSchema-instance"
    xsi:schemaLocation="http://www.loc.gov/MARC21/slim http://www.loc.gov/standards/marcxml/schema/MARC21slim.xsd"
    xmlns="http://www.loc.gov/MARC21/slim">

  <leader>00858nam a22002052  4500</leader>
  <controlfield tag="001">0000018793</controlfield>
  <controlfield tag="005">20151217155859.0</controlfield>
  <controlfield tag="008">100701s         xx           000 0 eng d</controlfield>
  <datafield tag="040" ind1=" " ind2=" ">
    <subfield code="a">KABU</subfield>
    <subfield code="c">KABU</subfield>
  </datafield>
  <datafield tag="245" ind1="1" ind2="0">
    <subfield code="a">Plantain and banana production and research in West and Central Africa :</subfield>
    <subfield code="b">proceedings of regional workshop sponsored by the International Institute of Tropical Agriculture (IITA), High Rainfall Station Onne, Rivers State, Nigeria, 23-27 September 1995 /</subfield>
    <subfield code="c">editors, Rodomiro Ortiz and M. O. Akoroda.</subfield>
  </datafield>
  <datafield tag="250" ind1=" " ind2=" ">
    <subfield code="a">1st  ed.</subfield>
  </datafield>
  <datafield tag="260" ind1=" " ind2=" ">
    <subfield code="a">Ibadan :</subfield>
    <subfield code="b">IITA,</subfield>
    <subfield code="c">1996.</subfield>
  </datafield>
  <datafield tag="300" ind1=" " ind2=" ">
    <subfield code="a">vii, 166  p.</subfield>
  </datafield>
  <datafield tag="650" ind1=" " ind2="0">
    <subfield code="a">Bananas</subfield>
    <subfield code="x">Breeding</subfield>
    <subfield code="x">Congresses.</subfield>
    <subfield code="@">0000163493</subfield>
  </datafield>
  <datafield tag="700" ind1="1" ind2=" ">
    <subfield code="a">Ortiz, Rodomiro.</subfield>
    <subfield code="@">0000178204</subfield>
  </datafield>
  <datafield tag="700" ind1="1" ind2=" ">
    <subfield code="a">Akoroda, M. O.</subfield>
    <subfield code="@">0000178136</subfield>
  </datafield>
  <datafield tag="852" ind1="1" ind2=" ">
    <subfield code="9">p200 KES</subfield>
  </datafield>
  <datafield tag="908" ind1=" " ind2=" ">
    <subfield code="a">100701</subfield>
  </datafield>
  <datafield tag="950" ind1=" " ind2=" ">
    <subfield code="@">1</subfield>
  </datafield>
  <datafield tag="999" ind1=" " ind2=" ">
    <subfield code="c">13677</subfield>
    <subfield code="d">13677</subfield>
  </datafield>
  <datafield tag="952" ind1=" " ind2=" ">
    <subfield code="0">0</subfield>
    <subfield code="1">0</subfield>
    <subfield code="2">lcc</subfield>
    <subfield code="7">0</subfield>
    <subfield code="a">KABU</subfield>
    <subfield code="b">KABU</subfield>
    <subfield code="d">2015-12-17</subfield>
    <subfield code="l">0</subfield>
    <subfield code="o">SB379 .B2P53 1996 c. 1</subfield>
    <subfield code="p">24768</subfield>
    <subfield code="r">2015-12-17 00:00:00</subfield>
    <subfield code="w">2015-12-17</subfield>
    <subfield code="y">AFRI</subfield>
  </datafield>
</record>
